Giáo trình hình học sơ cấp
Gồm một số tiền đề của hình học Ơcơlít và hệ tiên đề xây dựng hình học phổ thông; Các phương pháp giải toán hình học khác nhau như: Phương pháp tổng hợp, phương pháp véc tơ và sử dụng các phép biến hình để giải toán. Cũng vận dụng một số cơ sở của hình học giải tích...
Gardado en:
| Autor Principal: | |
|---|---|
| Formato: | Libro |
| Idioma: | Vietnamese |
| Publicado: |
H.
Đại học Sư phạm
2005
|
| Những chủ đề: | |
| Các nhãn: |
Engadir etiqueta
Sen Etiquetas, Sexa o primeiro en etiquetar este rexistro!
|
| Thư viện lưu trữ: | Mạng thư viện Đại học Đà Nẵng |
|---|
| LEADER | 01433nam a2200361 4500 | ||
|---|---|---|---|
| 001 | 000007990 | ||
| 003 | 4169 | ||
| 005 | 20111013141024.0 | ||
| 008 | 111013s2005 viesd | ||
| 020 | |c 19000đ | ||
| 041 | 0 | |a vie | |
| 082 | |a 516 |b ĐA-T | ||
| 100 | 0 | |a Đào Tam | |
| 245 | 0 | |a Giáo trình hình học sơ cấp |c Đào Tam | |
| 260 | |a H. |b Đại học Sư phạm |c 2005 | ||
| 300 | |a 191tr. |c 21cm | ||
| 504 | |a Thư mục: tr. 191 | ||
| 520 | |a Gồm một số tiền đề của hình học Ơcơlít và hệ tiên đề xây dựng hình học phổ thông; Các phương pháp giải toán hình học khác nhau như: Phương pháp tổng hợp, phương pháp véc tơ và sử dụng các phép biến hình để giải toán. Cũng vận dụng một số cơ sở của hình học giải tích | ||
| 653 | |a Giáo trình | ||
| 653 | |a Hình học | ||
| 653 | |a Toán học | ||
| 700 | |a Đào Tam |e Tác giả | ||
| 910 | |a Phuong |d 13/10/2011 | ||
| OWN | |a LSP | ||
| AVA | |a UDN50 |b LSP |d 516 ĐA-T |e available |t Error 5001 Not defined in file expand_doc_bib_avail. |f 5 |g 0 |h N |i 0 |k 1 | ||
| 999 | |a From the UDN01 | ||
| AVA | |a UDN50 |b LSP |d 516 ĐA-T |e available |t Error 5001 Not defined in file expand_doc_bib_avail. |f 5 |g 0 |h N |i 0 |k 1 | ||
| TYP | |a Monograph | ||
| TYP | |a Printed language | ||
| 980 | |a Mạng thư viện Đại học Đà Nẵng | ||